[Event "SLO-chT2 East"]
[Site "Slovenia"]
[Date "2013.11.18"]
[Round "7"]
[White "Tomazic, Martin"]
[Black "Zagorsek, David"]
[Result "1-0"]
[WhiteElo "1757"]
[BlackElo "1734"]
[PlyCount "58"]
[EventDate "2013.09.07"]
[EventType "team-tourn"]
[EventRounds "9"]
[EventCountry "SLO"]
[SourceTitle "EXT 2015"]
[Source "ChessBase"]
[SourceDate "2014.11.20"]
[SourceVersion "1"]
[SourceVersionDate "2014.11.20"]
[SourceQuality "1"]

1. e4 c5 2. d4 cxd4 3. c3 d5 4. exd5 Qxd5 5. Nf3 Nc6 6. cxd4 Bg4 7. Be2 Nf6 8. Nc3 Qd8 9. d5 Nb4 10. Qa4+ Qd7 11. Qxb4 e6 12. dxe6 Bxb4 13. exd7+ Bxd7 14. 0-0 0-0 15. a3 Ba5 16. b4 Bb6 17. Bg5 Rfe8 18. Bxf6 gxf6 19. Nd5 Bd8 20. Nd4 Re5 21. Bf3 Kg7 22. Rfe1 a5 23. b5 Rc8 24. Rec1 Rxc1+ 25. Rxc1 Bg4 26. Nc3 Bxf3 27. gxf3 Rg5+ 28. Kf1 Rh5 29. Ke2 Rxh2 1-0

[Event "SLO-chT2 Ost"]
[Site "Slovenia"]
[Date "2010.06.05"]
[Round "3"]
[White "Obersnel, Jan"]
[Black "Tomazic, Martin"]
[Result "1/2-1/2"]
[WhiteElo "1542"]
[BlackElo "1757"]
[PlyCount "142"]
[EventDate "2010.05.29"]
[EventType "team-tourn"]
[EventRounds "9"]
[EventCountry "SLO"]
[SourceTitle "EXT 2022"]
[Source "ChessBase"]
[SourceDate "2021.10.06"]
[SourceVersion "1"]
[SourceVersionDate "2021.10.06"]
[SourceQuality "1"]

1. e4 e5 2. Nf3 Nc6 3. Bb5 a6 4. Bxc6 dxc6 5. 0-0 Bg4 6. h3 h5 7. d3 Qf6 8. Nbd2 Ne7 9. Re1 Ng6 10. Nf1 Bxf3 11. Qxf3 Qxf3 12. gxf3 Bd6 13. Be3 0-0-0 14. Nd2 Rdf8 15. Kh2 Ne7 16. Rg1 f5 17. Nc4 Rf7 18. Rg5 b5 19. Na5 Bb4 20. Nb3 f4 21. Bd2 Bd6 22. Bc3 c5 23. Bxe5 Nc6 24. Bxg7 Rg8 25. Rag1 Nb4 26. Bc3 Rxg5 27. Rxg5 Nxc2 28. Be5 Ne1 29. Rg8+ Kb7 30. Bxd6 cxd6 31. Rh8 Nxd3 32. Rxh5 Nxb2 33. Rg5 Nd3 34. h4 Ne5 35. Kg2 Rh7 36. h5 Kb6 37. Rf5 Nd3 38. Rf6 Ne1+ 39. Kh3 Nxf3 40. Kg4 Ne5+ 41. Kxf4 Rxh5 42. Rxd6+ Kc7 43. Rxa6 c4 44. Nd4 b4 45. Re6 Nd3+ 46. Kg4 Rc5 47. f4 c3 48. Rh6 c2 49. Ne6+ Kb8 50. Nxc5 Nf2+ 51. Kf5 c1Q 52. Nd7+ Ka7 53. Rh7 Ka6 54. Nb8+ Kb6 55. Nd7+ Kc6 56. Ne5+ Kb5 57. Rb7+ Ka6 58. Rxb4 Qc8+ 59. Kg5 Qg8+ 60. Ng6 Nxe4+ 61. Rxe4 Qxa2 62. Re5 Qg2+ 63. Kf6 Kb6 64. f5 Kc6 65. Re6+ Kd7 66. Re7+ Kd6 67. Kf7 Qg5 68. Re6+ Kd7 69. Ne5+ Kd8 70. Re8+ Kc7 71. Re7+ Kd6 1/2-1/2

[Event "SLO-chT2 Ost"]
[Site "Slovenia"]
[Date "2010.05.29"]
[Round "1"]
[White "Basa, Drago"]
[Black "Tomazic, Martin"]
[Result "0-1"]
[WhiteElo "1838"]
[BlackElo "1757"]
[PlyCount "70"]
[EventDate "2010.05.29"]
[EventType "team-tourn"]
[EventRounds "9"]
[EventCountry "SLO"]
[SourceTitle "EXT 2022"]
[Source "ChessBase"]
[SourceDate "2021.10.06"]
[SourceVersion "1"]
[SourceVersionDate "2021.10.06"]
[SourceQuality "1"]

1. d4 Nf6 2. h3 d5 3. Bf4 c5 4. dxc5 Nc6 5. Nf3 e6 6. e3 Bxc5 7. a3 0-0 8. c4 Qa5+ 9. Nc3 dxc4 10. Bxc4 Ne4 11. Qc2 Nxc3 12. Qxc3 Qxc3+ 13. bxc3 b6 14. Ne5 Na5 15. Bb5 a6 16. Ba4 b5 17. Bc2 Rd8 18. Nxf7 Rf8 19. Bd6 Bxd6 20. Nxd6 Rd8 21. Rd1 Ra7 22. e4 Rc7 23. Rd3 Rxd6 24. Rxd6 Nc4 25. e5 Nxd6 26. exd6 Rxc3 27. Kd2 Rxa3 28. Rd1 Kf7 29. Ke2 Ke8 30. Bxh7 Ra2+ 31. Kf3 b4 32. Bd3 Bb7+ 33. Kg3 Bd5 34. f4 b3 35. Bg6+ Kd7 0-1

[Event "SLO-chT2 Ost"]
[Site "Maribor"]
[Date "2009.06.06"]
[Round "3"]
[White "Tomazic, Martin"]
[Black "Krstic, Ljubisa"]
[Result "0-1"]
[WhiteElo "1738"]
[BlackElo "1941"]
[PlyCount "40"]
[EventDate "2009.05.30"]
[EventType "team-tourn"]
[EventRounds "9"]
[EventCountry "SLO"]
[SourceTitle "EXT 2022"]
[Source "ChessBase"]
[SourceDate "2021.10.06"]
[SourceVersion "1"]
[SourceVersionDate "2021.10.06"]
[SourceQuality "1"]

1. e4 c5 2. d4 cxd4 3. c3 dxc3 4. Nxc3 e6 5. Nb5 a6 6. Nd6+ Bxd6 7. Qxd6 Nf6 8. Bd3 Qe7 9. Qc7 0-0 10. Nf3 Qb4+ 11. Bd2 Qxb2 12. 0-0 Nc6 13. Rfb1 Qa3 14. Rb3 Qa4 15. Rc3 Nd4 16. Qg3 Nxe4 17. Qh4 f5 18. Qf4 Nxf3+ 19. gxf3 Nxc3 20. Bxc3 Qxf4 0-1

[Event "SLO-chT1 East"]
[Site "Celje"]
[Date "2008.12.13"]
[Round "3"]
[White "Tomazic, Martin"]
[Black "Radosavljevic, Robi"]
[Result "1/2-1/2"]
[WhiteElo "1736"]
[BlackElo "2129"]
[PlyCount "57"]
[EventDate "2008.11.20"]
[EventType "team-tourn"]
[EventRounds "9"]
[EventCountry "SLO"]
[SourceTitle "EXT 2010"]
[Source "ChessBase"]
[SourceDate "2010.11.25"]
[SourceVersion "1"]
[SourceVersionDate "2010.11.25"]
[SourceQuality "1"]

1. e4 Nf6 2. e5 Nd5 3. d4 d6 4. Bc4 c6 5. Qf3 dxe5 6. dxe5 Be6 7. Nc3 g6 8. Bd2 Bg7 9. Qe2 Nd7 10. f4 N7b6 11. Bb3 Nxc3 12. Bxc3 Bxb3 13. axb3 Nd5 14. Bd2 a5 15. Nf3 Qb6 16. Qf2 Qxf2+ 17. Kxf2 0-0 18. g3 f6 19. Rhe1 fxe5 20. Nxe5 g5 21. Rxa5 Rxa5 22. Bxa5 gxf4 23. gxf4 Rxf4+ 24. Kg3 Rf5 25. Nd3 Kf7 26. c4 Nf6 27. Bc3 e6 28. Ne5+ Ke7 29. Bb4+ 1/2-1/2

[Event "SLO-chT2 East"]
[Site "Velenje"]
[Date "2006.06.06"]
[Round "3"]
[White "Tomazic, Martin"]
[Black "Bucar, Natasa"]
[Result "1/2-1/2"]
[WhiteElo "1720"]
[BlackElo "1622"]
[PlyCount "130"]
[EventDate "2006.05.21"]
[EventType "team"]
[EventRounds "9"]
[EventCountry "SLO"]
[SourceTitle "EXT 2008"]
[Source "ChessBase"]
[SourceDate "2007.11.25"]
[SourceVersion "1"]
[SourceVersionDate "2007.11.25"]
[SourceQuality "1"]

1. e4 c5 2. d4 cxd4 3. c3 dxc3 4. Nxc3 e6 5. Nf3 Bc5 6. Bc4 Ne7 7. 0-0 0-0 8. Nb5 a6 9. Nd6 Qc7 10. Bf4 Bxd6 11. Bxd6 Qxc4 12. Bxe7 Re8 13. e5 Nc6 14. b3 Qf4 15. Bd6 b5 16. Rc1 Ne7 17. g3 Qg4 18. Bxe7 Rxe7 19. Rc7 Rb8 20. Qc2 Re8 21. Rc1 Bb7 22. Ne1 Bc6 23. Qd3 Qb4 24. Qd6 Qxd6 25. exd6 Rec8 26. Ra7 Ra8 27. Rxa8 Rxa8 28. Nd3 Kf8 29. Nb4 Rc8 30. Nxa6 Ke8 31. Nc7+ Kd8 32. Rc5 Rb8 33. f4 Rb7 34. Kf2 Ra7 35. Rc2 Ra5 36. Ke3 Ra7 37. Kd4 h6 38. Kc5 Rb7 39. b4 Be4 40. Re2 Bd3 41. Re3 Bc4 42. a3 Bf1 43. h4 f6 44. g4 Kc8 45. g5 hxg5 46. fxg5 fxg5 47. Rf3 Rxc7+ 48. dxc7 Be2 49. Re3 Bc4 50. hxg5 Kxc7 51. a4 d6+ 52. Kd4 e5+ 53. Kc3 Kc6 54. axb5+ Kxb5 55. Re4 Be6 56. Re1 Bf5 57. Rd1 Kc6 58. b5+ Kc5 59. b6 Kxb6 60. Rxd6+ Kc5 61. Rd8 g6 62. Kd2 Kc6 63. Ke3 Kc7 64. Rf8 Kd6 65. Rf6+ Kd5 1/2-1/2

[Event "SLO-chT2 East"]
[Site "Velenje"]
[Date "2005.11.23"]
[Round "9"]
[White "Zajsek, Franc"]
[Black "Tomazic, Martin"]
[Result "1-0"]
[WhiteElo "1628"]
[BlackElo "1739"]
[PlyCount "81"]
[EventDate "2005.05.27"]
[EventType "team"]
[EventRounds "9"]
[EventCountry "SLO"]
[SourceTitle "EXT 2009"]
[Source "ChessBase"]
[SourceDate "2008.11.26"]
[SourceVersion "1"]
[SourceVersionDate "2008.11.26"]
[SourceQuality "1"]

1. d4 Nf6 2. c4 e6 3. Nf3 d5 4. Nc3 Nbd7 5. Bg5 Be7 6. e3 0-0 7. Qc2 h6 8. Bh4 Re8 9. cxd5 exd5 10. Bd3 c6 11. 0-0 Nf8 12. Bxf6 Bxf6 13. b4 a6 14. a4 Qd6 15. Rfb1 Bg4 16. Nd2 b5 17. a5 Bh5 18. Nb3 Bg6 19. Nc5 Ra7 20. Ra3 Bd8 21. Ne2 Bc7 22. Ng3 h5 23. Nf1 Bb8 24. Rc3 Rc8 25. Rc1 h4 26. h3 Kh8 27. Qe2 Bxd3 28. Nxd3 Ng6 29. Qg4 Rcc7 30. f4 Qf6 31. Nh2 Ne7 32. Ne5 Rc8 33. Nhf3 g6 34. Nxh4 Bxe5 35. fxe5 Qe6 36. Qg5 Kg7 37. Rf1 Ng8 38. Nf5+ Kf8 39. Nd6 Rcc7 40. Qd8+ Kg7 41. Ne8+ 1-0